000 00815nam a2200229Ia 4500
003 OSt
005 20260224165534.0
008 221004b |||||||| |||| 00| 0 hin d
020 _a8126007486 (hbk)
037 _cTextual
040 _aCRL
_cCRL
_bhin
041 _2hin
_ahin
084 _aQ8441:2x 152P0
100 _aजोध सिंह, संपा.
245 0 _aश्री दसम ग्रंथ रत्नावली
246 _aShrī dasam grantha ratnāvalī
260 _aनई दिल्ली
_bसाहित्य अकादेमी भारत
_c2000
300 _a482पृ0
_ccm.
650 _aधर्म
942 _hQ8441:2x 152P0
_cTEXL
_2cc
999 _c1022187
_d1022187